| 000 | 00657cam a2200217 4500 | ||
|---|---|---|---|
| 001 | CD103608 | ||
| 008 | 000000n 000 0 eng u | ||
| 035 | _a(Sirsi) u103608 | ||
| 245 | _aPFI Manual | ||
| 260 | _cButterworths | ||
| 300 | _a1 CD-Rom | ||
| 350 | _aFree | ||
| 500 | _aUses Books on Screen software | ||
| 520 | _aCD-Rom version of Butterworths PFI Manual covering law relating to PFI, payment methods, risk analysis, and the structure of PFI deals. | ||
| 650 | _aCD-ROM | ||
| 650 | _aPFI | ||
| 650 | _aPRIVATE FINANCE INITIATIVE | ||
| 650 | _aLEGISLATION | ||
| 690 | _aMANAGEMENT-BUSINESS MANAGEMENT-FINANCIAL MANAGEMENT | ||
| 942 | _n0 | ||
| 999 |
_c85395 _d85395 |
||